书目信息 |
| 题名: |
建筑安防系统工程设计与维护
|
|
| 作者: | 刘德泉 主编 | |
| 分册: | ||
| 出版信息: | 北京 中国水利水电出版社 2015.05 |
|
| 页数: | 292页 | |
| 开本: | 26cm | |
| 丛书名: | 国家骨干高职院校工学结合创新成果系列教材 | |
| 单 册: | ||
| 中图分类: | TU89 | |
| 科图分类: | ||
| 主题词: | 建筑物--jian zhu wu--安全系统工程--职业大学--教材 | |
| 电子资源: | ||
| ISBN: | 978-7-5170-3190-1 | |
| 000 | 01200nam 2200301 450 | |
| 001 | 0100195354 | |
| 005 | 20201117145031.21 | |
| 010 | @a978-7-5170-3190-1@dCNY42.00 | |
| 100 | @a20150624d2015 em y0chiy50 ea | |
| 101 | 0 | @achi |
| 102 | @aCN@b110000 | |
| 105 | @aak a 000yy | |
| 106 | @ar | |
| 200 | 1 | @a建筑安防系统工程设计与维护@Ajian zhu an fang xi tong gong cheng she ji yu wei hu@f刘德泉主编@Fliu de quan zhu bian |
| 210 | @a北京@c中国水利水电出版社@d2015.05 | |
| 215 | @a292页@c图@d26cm | |
| 225 | 2 | @a国家骨干高职院校工学结合创新成果系列教材@Aguo jia gu gan gao zhi yuan xiao gong xue jie he chuang xin cheng guo xi lie jiao cai |
| 320 | @a有书目 (第292页) | |
| 330 | @a本教材共分为8个项目, 其内容主要包括基础元器件的识别及常见仪表的使用、安防系统工程图的绘制方法与实施、消防联动报警系统工程设计与维护、入侵报警系统工程设计与维护等。 | |
| 410 | 0 | @12001 @a国家骨干高职院校工学结合创新成果系列教材 |
| 540 | @a建筑安防系统工程设计与维护 | |
| 606 | 0 | @a建筑物@Ajian zhu wu@x安全系统工程@x职业大学@j教材 |
| 690 | @aTU89@v5 | |
| 701 | 0 | @a刘德泉@Aliu de quan@4主编 |
| 801 | @aCN | |
| 803 | @a高职 | |
| 901 | @a21 | |
| 905 | @a河南城建学院图书馆@b1294454-6@dTU89@eL605@f3 | |
| 建筑安防系统工程设计与维护/刘德泉主编.-北京:中国水利水电出版社,2015.05 |
| 292页:图;26cm.-(国家骨干高职院校工学结合创新成果系列教材) |
| ISBN 978-7-5170-3190-1:CNY42.00 |
| 本教材共分为8个项目, 其内容主要包括基础元器件的识别及常见仪表的使用、安防系统工程图的绘制方法与实施、消防联动报警系统工程设计与维护、入侵报警系统工程设计与维护等。 |
| ● |
| 相关链接 |
|
|
|
正题名:建筑安防系统工程设计与维护
索取号:TU89/L605
 
预约/预借
| 序号 | 登录号 | 条形码 | 馆藏地/架位号 | 状态 | 备注 |
| 1 | 1294454 | 212944543 | 建筑库201/201建筑库 86排1列1层/ [索取号:TU89/L605] | 在馆 | |
| 2 | 1294455 | 212944550 | 建筑库201/201建筑库 86排1列1层/ [索取号:TU89/L605] | 在馆 | |
| 3 | 1294456 | 212944567 | 建筑库201/201建筑库 86排1列1层/ [索取号:TU89/L605] | 在馆 |